Földtulajdoni reform az egyén, az agrárszövetkezet és az önkormányzati tulajdon vetületében

Elmentve itt :
Bibliográfiai részletek
Szerző: Prugberger Tamás
Testületi szerző: A földtulajdoni és földhasználati viszonyok továbbfejlesztésének közgazdasági és jogi koncepciói
Dokumentumtípus: Könyv része
Megjelent: 1990
Sorozat:A Szegedi József Attila Tudományegyetem Állam- és Jogtudományi Kar Mezőgazdasági és Munkajogi Tanszékének Kiadványai 7
A földtulajdoni és földhasználati viszonyok továbbfejlesztésének közgazdasági és jogi koncepciói : tudományos vitaülés anyaga 7
Kulcsszavak:Földtulajdon - Magyarország - 1990 - reform
Tárgyszavak:
Online Access:http://acta.bibl.u-szeged.hu/44764
LEADER 01117naa a2200217 i 4500
001 acta44764
005 20211130080615.0
008 170328s1990 hu o 0|| hun d
040 |a SZTE Egyetemi Kiadványok Repozitórium  |b hun 
041 |a hun 
100 1 |a Prugberger Tamás 
245 1 0 |a Földtulajdoni reform az egyén, az agrárszövetkezet és az önkormányzati tulajdon vetületében  |h [elektronikus dokumentum] /  |c  Prugberger Tamás 
260 |c 1990 
300 |a 149-156 
490 0 |a A Szegedi József Attila Tudományegyetem Állam- és Jogtudományi Kar Mezőgazdasági és Munkajogi Tanszékének Kiadványai  |v 7 
490 0 |a A földtulajdoni és földhasználati viszonyok továbbfejlesztésének közgazdasági és jogi koncepciói : tudományos vitaülés anyaga  |v 7 
650 4 |a Társadalomtudományok 
650 4 |a Szociológia 
695 |a Földtulajdon - Magyarország - 1990 - reform 
710 |a A földtulajdoni és földhasználati viszonyok továbbfejlesztésének közgazdasági és jogi koncepciói 
856 4 0 |u http://acta.bibl.u-szeged.hu/44764/1/mezgazjog_007_149-156.pdf  |z Dokumentum-elérés